000 00347 a2200145 4500
020 _a84-7306-682-0
040 _aULA-LD-MS
082 _a72
_b72
100 _91178
_aCASAS ,Nurias ;MATEUS,Lourdes
245 _aLa Barcelona de Gaudi
260 _aBarcelona .
_bPortic Guies
_c2001.
300 _a143p
650 _aArquitectura
942 _cLivros
999 _c2350
_d2350